Dni Mila Urbana propagačný plagát : literárno - hudobný program pri príležitosti 90. výročia jeho narodenia (1904 - 1982)

Zobrazenie: na bielom podklade text zelenej farby s početnými žltými zvislými zvýrazňovačmi, uprostred logo podujatia vo farebnosti bielo-želeno-žltej.

Bibliographic Details
Format: Photo
Language:Slovak
Published: [Slovensko?] [vydavateľ neznámy?] [1994?]
Subjects:

MARC

LEADER 00000nkm a2200000 4500
001 vtls011896626
003 SK-MaSNL
005 20260302060227.0
007 kf co
008 240409q1987 xo g 00 k|slo
015 |a SNBG1987 
035 |a urn:nbn:sk:snk-km00e002 
035 |a urn:nbn:sk:snk-km3m1em 
035 |a 49DC89E2-9602-415B-9425-ECA26B888014 
040 |a SNK  |b slo  |c SNK  |e rda 
041 0 |a slo 
044 |a xo  |c SK 
072 7 |a 82  |x Literatúra. Literárny život  |2 konspekt 
080 |a 82  |2 2011 
080 |a (084.5)  |2 2011 
245 0 0 |a Dni Mila Urbana  |h grafika  |b propagačný plagát : literárno - hudobný program pri príležitosti 90. výročia jeho narodenia (1904 - 1982) 
264 1 |a [Slovensko?]  |b [vydavateľ neznámy?]  |c [1994?] 
300 |a 1 plagát  |b farebný  |c 31 x 45 cm 
336 |a statický obraz  |b sti  |2 rdacontent 
336 |a text  |b txt  |2 rdacontent 
337 |a bez média  |b n  |2 rdamedia 
338 |a list  |b nc  |2 rdacarrier 
500 |a Dátum vydania nie je určený. 
520 |a Zobrazenie: na bielom podklade text zelenej farby s početnými žltými zvislými zvýrazňovačmi, uprostred logo podujatia vo farebnosti bielo-želeno-žltej. 
650 0 7 |a literatúra  |2 SNKPH  |9 1427 
655 7 |a plagáty  |2 SNKPH  |9 70571 
852 |a Slovenská národná knižnica v Martine 
958 |a CP 
958 |a OND 
958 |a TL 
999 |c 1120421  |d 1122351 
952 |a SNKLM  |b SNKLM  |y PREZ  |7 0  |p 17A1262704  |o snklm L 2350  |i snklm 343/94  |8 7  |0 0  |1 0  |4 0  |d 2019-10-28  |f 1  |l 0  |r 2026-02-24 18:29:27  |w 2026-02-24